Statistiques concernant Devinez le Département Mystère #78

Cliquez ici pour prendre le quiz!

Statistiques générales

  • Ce quiz a été pris 110 fois
  • Le résultat moyen est 28 sur 32

Statistiques - réponses

Type de RéponseRéponse% Correct
Lettre TrouvéeI
100%
Lettre TrouvéeR
100%
Lettre de l'AlphabetA
99%
Lettre TrouvéeE
99%
Lettre TrouvéeN
99%
Lettre de l'AlphabetS
98%
Lettre de l'AlphabetO
97%
Lettre de l'AlphabetT
97%
Lettre de l'AlphabetC
96%
Lettre de l'AlphabetH
96%
Lettre de l'AlphabetU
96%
Lettre TrouvéeD
94%
Lettre Bien PlacéeE
94%
Lettre de l'AlphabetL
94%
Lettre de l'AlphabetM
93%
Lettre de l'AlphabetV
93%
Lettre de l'AlphabetG
88%
Lettre de l'AlphabetB
87%
Lettre de l'AlphabetP
86%
Lettre Bien PlacéeR
86%
Lettre de l'AlphabetY
84%
Lettre de l'AlphabetF
81%
Lettre de l'AlphabetJ
81%
Lettre de l'AlphabetQ
78%
Lettre de l'AlphabetZ
77%
Lettre Bien PlacéeD
76%
Lettre Bien PlacéeI
76%
Département MystèreIndre
76%
Lettre de l'AlphabetK
76%
Lettre Bien PlacéeN
76%
Lettre de l'AlphabetW
76%
Lettre de l'AlphabetX
76%

Distribution des résultats

Percentile par nombre de réponses

% des personnes avec chaque résultat

Votre développement - résultats

Vous n’avez pas pris ce quiz